00285nam a2200121Ia 4500008004100000041000800041100002400049245003600073250000800109260002400117300000800141650001400149240614s9999 xx 000 0 und d aeng aTippanna, Shekarraj aSocio-Economic Status of Women  a1st bCurrentc2021aAgra a181 aSociology